<?xml version="1.0" encoding="UTF-8"?>
<record
    xmlns:xsi="http://www.w3.org/2001/XMLSchema-instance"
    xsi:schemaLocation="http://www.loc.gov/MARC21/slim http://www.loc.gov/standards/marcxml/schema/MARC21slim.xsd"
    xmlns="http://www.loc.gov/MARC21/slim">

  <leader>01234nam a2200169   4500</leader>
  <datafield tag="999" ind1=" " ind2=" ">
    <subfield code="c">509699</subfield>
    <subfield code="d">509699</subfield>
  </datafield>
  <controlfield tag="008">190520b           ||||| |||| 00| 0 eng d</controlfield>
  <datafield tag="100" ind1=" " ind2=" ">
    <subfield code="a">Dhaka, Rajvir S.</subfield>
    <subfield code="9">3377</subfield>
  </datafield>
  <datafield tag="245" ind1=" " ind2=" ">
    <subfield code="a">The RTI regime in urban segments of the most backward district of India, a study of Nuh (Haryana)</subfield>
  </datafield>
  <datafield tag="260" ind1=" " ind2=" ">
    <subfield code="c">2018</subfield>
  </datafield>
  <datafield tag="300" ind1=" " ind2=" ">
    <subfield code="a">p.29-39.</subfield>
  </datafield>
  <datafield tag="520" ind1=" " ind2=" ">
    <subfield code="a">This paper seeks to explore the extent to which the RTI regime has been institutionalized in the urban segments of Nuh district of Haryana by administering an interview schedule to the information providers of four key departments. The information gathered through these has been cross-checked through participatory observation. It has been informed that the information providers are lacking in culture of transparency and also lack the needed competence to perform their role. This, however, cannot be ascribed to the backwardness of the district. Hence, it has been suggested that training programmes should be organized for their capacity building and orientation programmes be held for changing their mindset. - Reproduced.</subfield>
  </datafield>
  <datafield tag="650" ind1=" " ind2=" ">
    <subfield code="a">Capacity building - India - Haryana</subfield>
    <subfield code="9">5833</subfield>
  </datafield>
  <datafield tag="700" ind1=" " ind2=" ">
    <subfield code="a">Thapar, Anuja</subfield>
    <subfield code="9">5832</subfield>
  </datafield>
  <datafield tag="773" ind1=" " ind2=" ">
    <subfield code="a">Nagarlok</subfield>
  </datafield>
  <datafield tag="906" ind1=" " ind2=" ">
    <subfield code="a">Right to Information</subfield>
  </datafield>
  <datafield tag="942" ind1=" " ind2=" ">
    <subfield code="2">ddc</subfield>
    <subfield code="c">AR</subfield>
  </datafield>
  <datafield tag="952" ind1=" " ind2=" ">
    <subfield code="0">0</subfield>
    <subfield code="1">0</subfield>
    <subfield code="2">ddc</subfield>
    <subfield code="4">0</subfield>
    <subfield code="7">0</subfield>
    <subfield code="9">383632</subfield>
    <subfield code="a">IIPA</subfield>
    <subfield code="b">IIPA</subfield>
    <subfield code="d">2019-05-20</subfield>
    <subfield code="h">50(4), Oct- Dec, 2018: p.29-39.</subfield>
    <subfield code="p">AR119806</subfield>
    <subfield code="r">2019-05-20</subfield>
    <subfield code="y">AR</subfield>
  </datafield>
</record>
